00470pab a2200145 454500008004000000100001700040245007500057260000900132300001400141650004700155650002800202650003700230650002000267773003700287180718b2005 xxu||||| |||| 00| 0 eng d aSinha, Smita aTribal multilingualism in Orissa and issues in mother tongue education c2005 ap.132-37. aMother tongue Instruction - India - Orissa aTribes - India - Orissa aMultilinguatism - India - Orissa aMultilinguatism aResearch Journal Social Sciences